Normal view MARC view
  • SID Pub

Entry Personal Name

Number of records used in: 1

001 - CONTROL NUMBER

  • control field: 20255

003 - CONTROL NUMBER IDENTIFIER

  • control field: OSt

005 - DATE AND TIME OF LATEST TRANSACTION

  • control field: 20220803171947.0

008 - FIXED-LENGTH DATA ELEMENTS

  • fixed length control field: 220803|| aca||aabn | a|a d

040 ## - CATALOGING SOURCE

  • Original cataloging agency: OSt
  • Transcribing agency: OSt

100 ## - HEADING--PERSONAL NAME

  • Personal name: SID Pub

670 ## - SOURCE DATA FOUND

  • Source citation: Work cat.: (OSt)13632: SID Pub., Interior Design Traditions In India., 2006